000
nam a22 7a 4500
999
_c
329332
_d
329332
003
Nust
005
20170503113645.0
008
170503b xxu||||| |||| 00| 0 eng d
040
_c
DLC
082
_a
627.52 SIN
100
_4
Singh, Prabhat
245
_a
Dimension of Irrigation
942
_2
ddc
_c
BK